Países con el mayor salario mínimo - Estadísticas

Estadísticas generales
  • Esta prueba ha sido intentada 60 veces
  • La puntuación promedio es 12 de 15
Estadísticas de respuestas
Top Respuesta Sal. Mínimo % Correcto
5. Alemania 2163€
95%
6. Reino Unido 2144€
95%
1. Suiza 4241€
95%
11. Francia 1920€
91%
2. Australia 3717€
89%
14. España 1232€
89%
10. Canadá 1959€
87%
7. Bélgica 2128€
76%
3. Luxemburgo 2725€
76%
9. Irlanda 2076€
73%
4. Nueva Zelanda 2188€
71%
8. Países Bajos 2102€
69%
15. Corea del Sur 1177€
60%
12. San Marino 1739€
51%
13. Eslovenia 1308€
40%
No se encontraron pruebas coincidentes
Distribución de puntuación
Porcentaje de gente con cada puntuación
Porcentaje por número respondido
Historial de tus puntuaciones
No has intentado esta prueba.